Руските композитори от края на ХІХ и началото на ХХ век (Запис номер 44401)
[ съкратено ]
| 000 -Лидер | |
|---|---|
| Контролно поле с фиксирана дължина | 02089nam a2200433 a 4500 |
| 003 - Код на организацията, давaща контролен номер | |
| Контролно поле | BLK |
| 005 - Дата и час на последна редакция | |
| Контролно поле | 20241002124802.0 |
| 008 - Елементи от данни с фиксирана дължина | |
| fixed length control field | 180408b bul|||||r ||||||| ||bul|| |
| 010 ## - Наследен системен номер | |
| LC control number | KNG00048168000 |
| 040 ## - Източник на каталожния запис | |
| Идентификатор на билиотеката - собственик на записа | BLK |
| 041 ## - Код за език | |
| Код за езика на текст/звукозапис или на отделно заглавие | Български |
| Код за езика КДБФ | Български |
| 080 ## - УДК | |
| Текстов определител УДК | Музиканти-творци, композитори |
| УДК код - определител по УДК | 78.071.1 |
| УДК определител | (470)(092) |
| УДК - код + определител | 78.071.1(470)(092) |
| 080 ## - УДК | |
| Текстов определител УДК | Биографии |
| УДК код - определител по УДК | 929 |
| УДК определител | (470) |
| УДК - код + определител | 929(470) |
| 100 1# - Редна дума - Автор | |
| Автор | Житомирски, Даниел Владимирович |
| Авторска отговорност | първи автор |
| R(LIN) | 68561 |
| 139 ## - Редно поле | |
| Редна дума | Житомирски, Даниел Владимирович |
| Авторски знак | Житк - Ж 62 |
| 245 10 - Сведения за заглавието | |
| Заглавие | Руските композитори от края на ХІХ и началото на ХХ век |
| Редно поле (дума) | Даниел Владимирович Житомирски; прев. от рус. Мария Узунова. |
| 257 ## - Страна на издаване | |
| Страна на създаване/издаване | СССР |
| 260 ## - Област на издателските данни | |
| Име на издателя, разпространителя и проч. | Наука и изкуство |
| Година на издаване | 1963 |
| Място на издаване, разпространение и проч. | София |
| 300 ## - Физическа характеристика | |
| Страници | 94 с. |
| Размери/Мащаб | 16 см |
| 380 ## - Жанр | |
| Жанр | Изкуство |
| 490 ## - СЕРИИ (Колекции) | |
| Име на серия | В помощ на слушателя |
| 500 ## - Общи забележки | |
| Забележка | Библиогр. под линия. - Съдържа : Кратка библиогр. за Глазунов, Лядов, Танеев, Калинников, Рахманинов, Скрябин на с. 92-93. |
| 600 14 - Име на лице, използвано като предмет | |
| За него / За нея | Глазунов, Александър Константинович |
| Свързани дати | 1865 - 1936 |
| 9 (RLIN) | 54357 |
| 600 14 - Име на лице, използвано като предмет | |
| За него / За нея | Лядов, Анатоли Константинович |
| 9 (RLIN) | 279393 |
| 600 14 - Име на лице, използвано като предмет | |
| За него / За нея | Танеев, Сергей Иванович |
| 9 (RLIN) | 127595 |
| 600 14 - Име на лице, използвано като предмет | |
| За него / За нея | Рахманинов, Сергей Василиевич |
| 9 (RLIN) | 274401 |
| 600 14 - Име на лице, използвано като предмет | |
| За него / За нея | Скрябин, Александър Николаевич |
| 9 (RLIN) | 275075 |
| 650 #4 - Допълнително описание по предмет – тема | |
| Основно описание – тема или топоним | Композитори, руски |
| 9 (RLIN) | 267007 |
| 651 #4 - Допълнително описание по предмет - топоним | |
| Географско понятие | Русия |
| 9 (RLIN) | 179465 |
| 653 ## - Ключова дума – ненормативна | |
| Ключова дума | руски композитори |
| 700 1# - Други автори (авторска отговорност) | |
| Лично име | Узунова, Мария |
| Автороска отговорност (Описва отношението между автора и произведението) | прев. от рус. |
| 9 (RLIN) | 275399 |
| 852 ## - Местоположение | |
| Форматна сигнатура | Цб І 6408 |
| Фондова буква | Хранилище |
| 856 4# - Електронен адрес и достъп | |
| Електронен формат | pdf - файл |
| 856 4# - Електронен адрес и достъп | |
| Електронен формат | pdf - файл |
| 942 ## - АРТИКУЛИ | |
| Вид на библиотечния материал | Книги |
| Скрит в OPAC | Не |
| 944 ## - СЪЗДАВАНЕ И РЕДАКЦИЯ на ЗАПИСА | |
| Създаване/Редакция | Създаване |
| Дата на регистрацията/редакция | 09.02.2005 |
| Служител, извършил регистрацията/редакцията | 30560 |
| Статус, дата на статуса | Геновева Генчева |
| 944 ## - СЪЗДАВАНЕ И РЕДАКЦИЯ на ЗАПИСА | |
| Създаване/Редакция | Редакция |
| Дата на регистрацията/редакция | 11.07.2023 |
| 999 ## - СИСТЕМНИ КОНТРОЛНИ НОМЕРА | |
| Koha biblionumber | 44401 |
| Koha biblioitemnumber | 44401 |
| 999 ## - СИСТЕМНИ КОНТРОЛНИ НОМЕРА | |
| Koha biblioitemnumber | 44401 |
| Код за отписване | Код за изгубен артикул | Източник на класификационната схема | Код за повреда | Коз за рестрикции | Код за отдаване | Артикулен № | Име на библиотеката - собственик | Име на библиотеката, в която се намира в момента | Статус (Текущо местоположение) | Дата на вписване в системата | Местоположение - отдел | Цена в лева | Инвентарен номер | Систематично азбучна сигнатура | Баркод | Номер на екземпляра | Цена в евро | Служебна бележка | Служебен тип на артикула |
|---|---|---|---|---|---|---|---|---|---|---|---|---|---|---|---|---|---|---|---|
| Изтеглен | Не е изгубен | Universal Decimal Classification | Не е повреден | без рестрикции | заемане за дома | 70046 | Регионална библиотека "Любен Каравелов" Русе | Регионална библиотека "Любен Каравелов" Русе | Отдел Изкуство - подръчен фонд | 2005-02-09 | Отдел Изкуство - подръчен фонд | 1.50 | 120000691700 | 78.071.1(092)/Ж 62 | 120000691700 | 1 | 0.77 | Дост: DA Вид: А N: 3 Дата: 07.02.2005 Дата инв: 03.04.2017 Бележки инв: ИП2017 | Книги |
| Не е изгубен | Universal Decimal Classification | Не е повреден | само за читалня | ползва се в читалня | 70047 | Регионална библиотека "Любен Каравелов" Русе | Регионална библиотека "Любен Каравелов" Русе | Хранилище | 1963-01-01 | Хранилище | 0.16 | 16591/63 | Цб І 6408 | 900000013179 | 2 | 0.08 | Дост: Dp Вид: Д N: стар фонд Дата: 01.01.1963 | Книги | |
| Изтеглен | Не е изгубен | Universal Decimal Classification | Не е повреден | без рестрикции | заемане за дома | 70048 | Регионална библиотека "Любен Каравелов" Русе | Регионална библиотека "Любен Каравелов" Русе | Отдел Изкуство - подръчен фонд | 1963-01-01 | Основен фонд - ползва се само за читалня | 0.16 | 303/64 | 78.071.1(092)/Ж 62 | 303/64 | 3 | 0.08 | Дост: Pk Вид: Ф N: стар фонд Дата: 01.01.1963 Дата инв: 19.06.2012 Бележки инв: * | Книги |
| Изтеглен | Не е изгубен | Universal Decimal Classification | Не е повреден | без рестрикции | заемане за дома | 70049 | Регионална библиотека "Любен Каравелов" Русе | Регионална библиотека "Любен Каравелов" Русе | Отчислена | 1963-01-01 | Отдел Изкуство - подръчен фонд | 0.16 | 304/64 | 78.071.1(092)/Ж 62 | 304/64 | 4 | 0.08 | Дост: Pk Вид: Ф N: стар фонд Дата: 01.01.1963 | Книги |
| Не е изгубен | Universal Decimal Classification | Не е повреден | без рестрикции | заемане за дома | 70050 | Регионална библиотека "Любен Каравелов" Русе | Регионална библиотека "Любен Каравелов" Русе | Отдел Изкуство - подръчен фонд | 1963-01-01 | Отдел Изкуство - подръчен фонд | 0.16 | 5261/64 | 78.071.1(092)/Ж 62 | 900000003027 | 5 | 0.08 | Дост: Pk Вид: Ф N: стар фонд Дата: 01.01.1963 Дата инв: 03.04.2017 Бележки инв: ИП2017 | Книги | |
| Изтеглен | Не е изгубен | Universal Decimal Classification | Не е повреден | без рестрикции | заемане за дома | 70051 | Регионална библиотека "Любен Каравелов" Русе | Регионална библиотека "Любен Каравелов" Русе | Отчислена | 1963-01-01 | Отдел Изкуство - подръчен фонд | 0.16 | 5262/64 | 78.071.1(092)/Ж 62 | 5262/64 | 6 | 0.08 | Дост: Pk Вид: Ф N: стар фонд Дата: 01.01.1963 | Книги |
| Изтеглен | Не е изгубен | Universal Decimal Classification | Не е повреден | без рестрикции | заемане за дома | 70052 | Регионална библиотека "Любен Каравелов" Русе | Регионална библиотека "Любен Каравелов" Русе | Отчислена | 1963-01-01 | Отдел Изкуство - подръчен фонд | 0.16 | 2427/66 | 78.071.1(092)/Ж 62 | 2427/66 | 7 | 0.08 | Дост: Pk Вид: Ф N: стар фонд Дата: 01.01.1963 | Книги |
| Изтеглен | Не е изгубен | Universal Decimal Classification | Не е повреден | без рестрикции | заемане за дома | 70053 | Регионална библиотека "Любен Каравелов" Русе | Регионална библиотека "Любен Каравелов" Русе | Отдел Изкуство - подръчен фонд | 1963-01-01 | Отдел Изкуство - подръчен фонд | 1.00 | 666260 | 78.071.1(092)/Ж 62 | 666260 | 8 | 0.51 | Дост: Pk Вид: Ф N: стар фонд Дата: 01.01.1963 Дата инв: 03.04.2017 Бележки инв: ИП2017 | Книги |